Problematika medzinárodného ekonomického práva
Vymedzenie pojmu a predmetu medzinárodného ekonomického práva. Pramene a základné princípy medzinárodného ekonomického práva. Funkcie medzinárodného práva verejného ako aj ekonomického. Medzinárodné finančné právo.
Gespeichert in:
| 1. Verfasser: | |
|---|---|
| Format: | Buchkapitel |
| Sprache: | Slowakisch |
| Schlagworte: | |
| Tags: |
Keine Tags, Fügen Sie das erste Tag hinzu!
|
MARC
| LEADER | 00000nla$a2200000$$$4500 | ||
|---|---|---|---|
| 001 | 0125371 | ||
| 005 | 20240502083318.0 | ||
| 041 | 0 | |a slo | |
| 044 | |a CZ | ||
| 245 | 1 | 0 | |a Problematika medzinárodného ekonomického práva |c Klaudia Pyteľová |
| 520 | |a Vymedzenie pojmu a predmetu medzinárodného ekonomického práva. Pramene a základné princípy medzinárodného ekonomického práva. Funkcie medzinárodného práva verejného ako aj ekonomického. Medzinárodné finančné právo. | ||
| 610 | 2 | 0 | |a právo medzinárodné |
| 610 | 2 | 0 | |a právo obchodné |
| 610 | 2 | 0 | |a právo finančné |
| 610 | 2 | 0 | |a právo hospodárske |
| 610 | 2 | 0 | |a suverenita |
| 610 | 2 | 0 | |a ochrana ľudských práv |
| 610 | 2 | 0 | |a organizácie medzinárodné |
| 100 | 1 | |a Pyteľová, Klaudia, 1985- | |